載入...
Vyasadarsanam
| 主要作者: | |
|---|---|
| 格式: | Printed Book |
| 出版: |
Cherthala;
Bharath Institute of Scientific Heritage;
|
| 版: | 1st |
| 主題: |
| LEADER | 00456nam a22001457a 4500 | ||
|---|---|---|---|
| 082 | |b ACH/V | ||
| 100 | |a Acharyasree Visakham Thirunal |9 303944 | ||
| 245 | |a Vyasadarsanam | ||
| 250 | |a 1st | ||
| 260 | |a Cherthala; |b Bharath Institute of Scientific Heritage; | ||
| 300 | |a 174p. | ||
| 650 | |a Malayalam |9 303966 | ||
| 942 | |c BK | ||
| 999 | |c 74788 |d 74788 | ||
| 952 | |0 0 |1 0 |4 0 |6 ACH_V |7 0 |9 88060 |a MAL |b MAL |d 2017-03-23 |e 58739 |g 130.00 |l 0 |o ACH/V |p MAL058739 |r 2017-03-23 |t 1 |w 2017-03-23 |y BK | ||